000 00648nam a22002417a 4500
001 BR7807891
003 BR-BrBNA
005 20230928085838.0
007 ta
008 230509b bl.||||| |||| 00| 0 por d
040 _aBR-BrBNA
_bpor
_cBiblioteca Nacional de Agricultura
041 _a(Por)
072 _aL70
090 _ L70 BR7807891
100 1 _aGautier, A.
245 1 _aOs exames de laboratorio na pratica veterinaria
260 3 _aSao Paulo, SP (Brasil):
_bOrganizacao Andrei Editora S.A.,
_c1978.
300 _a112 p.
650 _aVETERINARIA
650 _aLABORATORIO
909 _a202309
_bLucia
_c55
_dLucia Elande
942 _cBK
999 _c26663
_d26663